• 首页
  • 本馆介绍
  • 公告通知
  • 最新文献
  • 馆藏检索
  • 电子资源
  • 读者导购
  • 参考咨询
  • 我的图书馆
  • 登录
  • 详细信息显示
  • 放入我的书架
  • 预约/预借图书
  • 作者相关作品
  • 分类相关作品
  • 丛书相关作品
  • 出版社相关作品

书目信息

  • 表格格式
  • 工作单格式
  • 卡片格式
题名:
三十年来阶级和阶级斗争论文选集
    
 
作者: ;中国社科院哲学研究所图书资料室 编
分册: 第二集  
出版信息: 北京   中国社科院哲学研究所图书资料室  1980
页数: 446页
开本: 20cm
丛书名:
单 册:
中图分类: D0
科图分类:
主题词: 政治理论
电子资源:
ISBN:
000 00780nam0 2200205 45
001 0309271595
005 20060428094018.51
010    @dCNY1.50
100    @a20030927d1980 km y0chiy0120 ea
101 0  @achi
200 1  @a三十年来阶级和阶级斗争论文选集@ASan Shi Nian Lai Jie Ji He Jie Ji Dou Zheng Lun Wen Xuan Ji@h第二集@h上册@e1949-1962@f中国社科院哲学研究所图书资料室编@Fzhong guo she ke yuan zhe xue yan jiu suo tu shu zi liao shi bian
210    @a北京@c中国社科院哲学研究所图书资料室@d1980
215    @a446页@d20cm
300    @a内部参考
517    @a1949-1962
606 0  @a政治理论
690    @aD0@v3
711 02 @a中国社科院哲学研究所图书资料室@Azhong guo she ke yuan zhe xue yan jiu suo tu shu zi liao shi@4编
801    @aCN@bTSTC@c20060428
905    @dD0@e1:2(1)@f1@b32403
    
    三十年来阶级和阶级斗争论文选集.第二集.上册:1949-1962/中国社科院哲学研究所图书资料室编.-北京:中国社科院哲学研究所图书资料室,1980
    446页;20cm
    内部参考
    
    ISBN :CNY1.50
    
●
相关链接 在E读中查询图书 在五车中查询图书 在当当中查询图书 在豆瓣中查询图书


正题名:三十年来阶级和阶级斗争论文选集     索取号:D0/1:2(1)         预约/预借

序号 登录号 条形码 馆藏地/架位号 状态 备注
1 0032401   001670338   密集书库/ [索取号:D0/1:2(1)] 在馆    
2 0032402   001670347   密集书库/ [索取号:D0/1:2(1)] 在馆    
3 0032403   001526441   密集书库/ [索取号:D0/1:2(1)] 在馆    
4 0032404   001668555   密集书库/ [索取号:D0/1:2(1)] 在馆    
5 0032405   202301712   密集书库/ [索取号:D0/1:2(1)] 在馆    
唐山师范学院图书馆 欢迎您!
大连网信软件有限公司© 版权所有